000
00333nam a2200133Ia 4500
008
191201s2019 xx 000 0 und d
082
_a
621.395
_b
MAD
100
_a
MARTIN, Ken
245
0
_a
Digital Integrated Circuit Design
260
_a
N.Delhi
_b
Oxford Universty Press
300
_a
543
650
_a
B.Tech(ECE)
942
_2
ddc
_c
BK
999
_c
2071
_d
2071